Statystyki dla Young Multi - piosenki

Kliknij tutaj aby rozwiązać quiz!

Ogólne statystyki

  • Ten quiz został rozwiązany 676 razy
  • Średni wynik to 8 z 20

Statystyki odpowiedzi

WyświetleniaNazwa piosenki% Poprawnych
31 mlnPlecak
96%
21 mlnPogba
83%
17 mlnDiamenty
72%
16 mlnNie wiem
72%
15 mlnKim ty jesteś
52%
4,9 mlnTrap
45%
3,7 mlnNowa fala
40%
9,6 mlnNowy sezon
40%
7,9 mlnSkrrrt
34%
4 mlnSkrzydła
34%
12 mlnDelfin
32%
11 mlnDaddyshoes
27%
4,2 mlnPlotki
27%
14 mlnSuperman
27%
7,9 mlnGucci mane
25%
3 mlnJeden dzień
24%
2,9 mlnWięcej
24%
2,2 mlnPlan
23%
4,2 mlnPytasz mnie
16%
4,2 mlnMamy to
8%

Rozkład punktacji

Percentyl według liczby udzielonych odpowiedzi

Procent ludzi z każdym wynikiem

Twoja historia wyników

Nie rozwiązałeś tego quizu